| 000 | 01677nam a22003257a 4500 | ||
|---|---|---|---|
| 003 | OSt | ||
| 005 | 20251028170355.0 | ||
| 008 | 251028b ||||| |||| 00| 0 spa d | ||
| 020 | _a9786287638792 | ||
| 040 | _cCO-Mq BPB | ||
| 041 | 0 | _aspa | |
| 043 | _as-ck--- | ||
| 084 |
_aAN _bGARa |
||
| 100 |
_aGarcia Márquez, Gabriel _d1927-2014 _eaut _92513 |
||
| 245 | 1 | 0 |
_aEn agosto nos vemos / _cGabriel García Márquez. |
| 250 | _aEdición especial | ||
| 264 | 1 |
_aBogotá, Colombia : _bPenguin Random House, _c2025 |
|
| 300 |
_a137 páginas: _bTapa rustica, fotografías a blanco y negro; _c23 cm |
||
| 336 |
_atexto _btxt _2rdacontenido |
||
| 337 |
_asin mediación _bn _2rdamedio |
||
| 338 |
_avolumen _bnc _2rdasoporte |
||
| 520 |
_aCada mes de agosto Ana Magdalena Bach toma el transbordador hasta la isla donde está enterrada su madre para visitar la tumba en la que yace. Esas visitas acaban suponiendo una irresistible invitación a convertirse en una persona distinta durante una noche al año. Escrita en el inconfundible y fascinante estilo de García Márquez, En agosto nos vemos es un canto a la vida, a la resistencia del goce pese al paso del tiempo y al deseo femenino. _uhttps://www.penguinlibros.com/co/tematicas/336516-ebook-en-agosto-nos-vemos-9788439743088?srsltid=AfmBOooi0y5MhfsZkn89BUQ6J_dxp4vI_KpXo075sNsYYwgCuL2-3cNa |
||
| 521 | _aRecomendado para un público adulto | ||
| 650 | 0 | 7 |
_aDeseo femenino en la literatura _9291745 _2lemb |
| 650 | 0 | 7 |
_aDuelo en mujeres en la literatura _9291744 _2lemb |
| 650 | 0 | 7 |
_aNostalgia en la literatura _953475 _2lemb |
| 650 | 0 | 4 |
_aNovela colombiana _916377 |
| 650 | 0 | 4 |
_aLiteratura colombiana _92248 |
| 942 | _cBKLIT | ||
| 999 |
_c15988 _d15988 |
||